<?xml version="1.0" encoding="UTF-8"?>
<record
    xmlns:xsi="http://www.w3.org/2001/XMLSchema-instance"
    xsi:schemaLocation="http://www.loc.gov/MARC21/slim http://www.loc.gov/standards/marcxml/schema/MARC21slim.xsd"
    xmlns="http://www.loc.gov/MARC21/slim">

  <leader>01738    a2200253   4500</leader>
  <controlfield tag="001">24391</controlfield>
  <controlfield tag="005">20260407155528.0</controlfield>
  <controlfield tag="008">260407a1992    arg                 spa d</controlfield>
  <controlfield tag="003">AR-UNSa-BCEJYS</controlfield>
  <datafield tag="040" ind1=" " ind2=" ">
    <subfield code="a">AR-UNSa-BCEJYS</subfield>
    <subfield code="b">spa</subfield>
    <subfield code="c">AR-UNSa-BCEJYS</subfield>
  </datafield>
  <datafield tag="080" ind1=" " ind2=" ">
    <subfield code="a">517.1</subfield>
    <subfield code="x">Introducci&#xF3;n al an&#xE1;lisis. (C&#xE1;lculo)</subfield>
  </datafield>
  <datafield tag="245" ind1="1" ind2="0">
    <subfield code="a">El c&#xE1;lculo</subfield>
    <subfield code="p">con geometr&#xED;a an&#xE1;litica</subfield>
  </datafield>
  <datafield tag="020" ind1=" " ind2=" ">
    <subfield code="a">970-613-040-3</subfield>
  </datafield>
  <datafield tag="250" ind1=" " ind2=" ">
    <subfield code="a">6a. ed</subfield>
  </datafield>
  <datafield tag="264" ind1=" " ind2="1">
    <subfield code="a">M&#xE9;xico :</subfield>
    <subfield code="b">Harla</subfield>
    <subfield code="c">1992</subfield>
  </datafield>
  <datafield tag="300" ind1=" " ind2=" ">
    <subfield code="a">1562 p.</subfield>
    <subfield code="c">22 cm.</subfield>
  </datafield>
  <datafield tag="505" ind1=" " ind2=" ">
    <subfield code="a">1. N&#xFA;meros reales, funciones y gr&#xE1;fica - 2. L&#xED;mites y continuidad - 3. La derivada y la diferenciaci&#xF3;n - 4. Valores extremos de funciones,t&#xE9;cnicas de graficaci&#xF3;n y la diferencial - 5. Integral definida e integraci&#xF3;n - 6. Aplicaciones de la integral definida - 7. Funciones inversas, logaritmicas y funciones exponenciales - 8. Funciones trigonom&#xE9;tricas inversas y funciones hiperb&#xF3;licas - 9. T&#xE9;cnicas de integraci&#xF3;n - 10. Secciones c&#xF3;nicas y coordenadas polares - 11. Formas indeterminadas, integrales impropias y f&#xF3;rmulas de Taylor - 12. Sucesiones y series infinitas de t&#xE9;rminos constantes - 13. Serie de potencias - 14. Vectores en el plano y ecuaciones param&#xE9;tricas - 15. Vectores y geometr&#xED;a anal&#xED;tica en el espacio - 16. C&#xE1;lculo diferencial de funciones de m&#xE1;s de una variable - 17. Derivadas direccionales, gradientes y aplicaciones de las derivadas parciales - 18. Integraci&#xF3;n multiple - 19. Introducci&#xF3;n al c&#xE1;lculo de campos vectoriales - 20.Ap&#xE9;ndice.</subfield>
  </datafield>
  <datafield tag="041" ind1=" " ind2=" ">
    <subfield code="a">spa</subfield>
  </datafield>
  <datafield tag="942" ind1=" " ind2=" ">
    <subfield code="c">BK</subfield>
  </datafield>
  <datafield tag="590" ind1=" " ind2=" ">
    <subfield code="a">niveau_biblio:m niveau_hierar:0</subfield>
  </datafield>
  <datafield tag="100" ind1="1" ind2=" ">
    <subfield code="a">Leithold, Louis</subfield>
  </datafield>
  <datafield tag="700" ind1="1" ind2=" ">
    <subfield code="a">Eroles G&#xF3;mez, Antonio</subfield>
  </datafield>
  <datafield tag="856" ind1="4" ind2="1">
    <subfield code="u">https://biblioeco.unsa.edu.ar/pmb/images/libros/L125788.jpg</subfield>
    <subfield code="y">Imagen de portada</subfield>
    <subfield code="q">image/jpeg</subfield>
  </datafield>
  <datafield tag="999" ind1=" " ind2=" ">
    <subfield code="c">1182</subfield>
    <subfield code="d">1182</subfield>
  </datafield>
  <datafield tag="952" ind1=" " ind2=" ">
    <subfield code="0">0</subfield>
    <subfield code="1">0</subfield>
    <subfield code="4">0</subfield>
    <subfield code="7">0</subfield>
    <subfield code="a">BCEJYS</subfield>
    <subfield code="b">BCEJYS</subfield>
    <subfield code="c">16</subfield>
    <subfield code="d">2026-04-07</subfield>
    <subfield code="l">0</subfield>
    <subfield code="o">517.1 L533c 6ed.</subfield>
    <subfield code="p">L65373</subfield>
    <subfield code="r">2026-04-07 15:55:28</subfield>
    <subfield code="w">2026-04-07</subfield>
    <subfield code="y">L</subfield>
    <subfield code="z">ESCRITO C/ L&#xC1;PIZ- 1RAS Y &#xDA;LTIMAS HOJAS DA&#xD1;ADAS - RAYADO LEVE C/ LAPICERA AZUL - HOJAS MANCHADAS - TAPAS C/ CINTA </subfield>
  </datafield>
  <datafield tag="952" ind1=" " ind2=" ">
    <subfield code="0">0</subfield>
    <subfield code="1">0</subfield>
    <subfield code="4">0</subfield>
    <subfield code="7">0</subfield>
    <subfield code="a">BCEJYS</subfield>
    <subfield code="b">BCEJYS</subfield>
    <subfield code="c">16</subfield>
    <subfield code="d">2026-04-07</subfield>
    <subfield code="l">0</subfield>
    <subfield code="o">517.1 L533c 6ed.</subfield>
    <subfield code="p">L65381</subfield>
    <subfield code="r">2026-04-07 15:55:28</subfield>
    <subfield code="w">2026-04-07</subfield>
    <subfield code="y">L</subfield>
    <subfield code="z">ESCRITO C/ L&#xC1;PIZ- 1RAS Y &#xDA;LTIMAS HOJAS DA&#xD1;ADAS - RAYADO LEVE C/ LAPICERA AZUL Y VERDE - HOJAS MANCHADAS - TAPAS C/ CINTA </subfield>
  </datafield>
  <datafield tag="952" ind1=" " ind2=" ">
    <subfield code="0">0</subfield>
    <subfield code="1">0</subfield>
    <subfield code="4">0</subfield>
    <subfield code="7">0</subfield>
    <subfield code="a">BCEJYS</subfield>
    <subfield code="b">BCEJYS</subfield>
    <subfield code="c">16</subfield>
    <subfield code="d">2026-04-07</subfield>
    <subfield code="l">0</subfield>
    <subfield code="o">517.1 L533c 6ed.</subfield>
    <subfield code="p">L65371</subfield>
    <subfield code="r">2026-04-07 15:55:28</subfield>
    <subfield code="w">2026-04-07</subfield>
    <subfield code="y">L</subfield>
    <subfield code="z">ESCRITO C/ L&#xC1;PIZ- 1RAS Y &#xDA;LTIMAS HOJAS DA&#xD1;ADAS - HOJAS MANCHADAS - TAPAS C/ CINTA </subfield>
  </datafield>
  <datafield tag="952" ind1=" " ind2=" ">
    <subfield code="0">0</subfield>
    <subfield code="1">0</subfield>
    <subfield code="4">0</subfield>
    <subfield code="7">0</subfield>
    <subfield code="a">BCEJYS</subfield>
    <subfield code="b">BCEJYS</subfield>
    <subfield code="c">16</subfield>
    <subfield code="d">2026-04-07</subfield>
    <subfield code="l">0</subfield>
    <subfield code="o">517.1 L533c 6ed.</subfield>
    <subfield code="p">L65372</subfield>
    <subfield code="r">2026-04-07 15:55:28</subfield>
    <subfield code="w">2026-04-07</subfield>
    <subfield code="y">L</subfield>
    <subfield code="z">ESCRITO C/ L&#xC1;PIZ- 1RAS Y &#xDA;LTIMAS HOJAS DA&#xD1;ADAS - HOJAS MANCHADAS - TAPAS C/ CINTA </subfield>
  </datafield>
  <datafield tag="952" ind1=" " ind2=" ">
    <subfield code="0">0</subfield>
    <subfield code="1">0</subfield>
    <subfield code="4">0</subfield>
    <subfield code="7">0</subfield>
    <subfield code="a">BCEJYS</subfield>
    <subfield code="b">BCEJYS</subfield>
    <subfield code="c">16</subfield>
    <subfield code="d">2026-04-07</subfield>
    <subfield code="l">0</subfield>
    <subfield code="o">517.1 L533c 6ed.</subfield>
    <subfield code="p">L65377</subfield>
    <subfield code="r">2026-04-07 15:55:28</subfield>
    <subfield code="w">2026-04-07</subfield>
    <subfield code="y">L</subfield>
    <subfield code="z">ESCRITO Y RAYADO C/ L&#xC1;PIZ- 1RAS Y &#xDA;LTIMAS HOJAS DA&#xD1;ADAS - HOJAS MANCHADAS - TAPA C/ CINTA - RAYADO LEVE C/ LAPICERA - HOJA C/ CINTA P&#xC1;G. 843</subfield>
  </datafield>
  <datafield tag="952" ind1=" " ind2=" ">
    <subfield code="0">0</subfield>
    <subfield code="1">0</subfield>
    <subfield code="4">0</subfield>
    <subfield code="7">0</subfield>
    <subfield code="a">BCEJYS</subfield>
    <subfield code="b">BCEJYS</subfield>
    <subfield code="c">16</subfield>
    <subfield code="d">2026-04-07</subfield>
    <subfield code="l">0</subfield>
    <subfield code="o">517.1 L533c 6ed.</subfield>
    <subfield code="p">L65383</subfield>
    <subfield code="r">2026-04-07 15:55:28</subfield>
    <subfield code="w">2026-04-07</subfield>
    <subfield code="y">L</subfield>
    <subfield code="z">CANTO RAYADO C/ LAPICERA AZUL - ESCRITO Y RAYADO C/ L&#xC1;PIZ - MANCHADO</subfield>
  </datafield>
  <datafield tag="952" ind1=" " ind2=" ">
    <subfield code="0">0</subfield>
    <subfield code="1">0</subfield>
    <subfield code="4">0</subfield>
    <subfield code="7">0</subfield>
    <subfield code="a">BCEJYS</subfield>
    <subfield code="b">BCEJYS</subfield>
    <subfield code="c">16</subfield>
    <subfield code="d">2026-04-07</subfield>
    <subfield code="l">0</subfield>
    <subfield code="o">517.1 L533c 6ed.</subfield>
    <subfield code="p">L65379</subfield>
    <subfield code="r">2026-04-07 15:55:28</subfield>
    <subfield code="w">2026-04-07</subfield>
    <subfield code="y">L</subfield>
    <subfield code="z">ESCRITO C/ L&#xC1;PIZ- 1RAS Y &#xDA;LTIMAS HOJAS DA&#xD1;ADAS - HOJAS MANCHADAS</subfield>
  </datafield>
  <datafield tag="952" ind1=" " ind2=" ">
    <subfield code="0">0</subfield>
    <subfield code="1">0</subfield>
    <subfield code="4">0</subfield>
    <subfield code="7">0</subfield>
    <subfield code="a">BCEJYS</subfield>
    <subfield code="b">BCEJYS</subfield>
    <subfield code="c">16</subfield>
    <subfield code="d">2026-04-07</subfield>
    <subfield code="l">0</subfield>
    <subfield code="o">517.1 L533c 6ed.</subfield>
    <subfield code="p">L65370</subfield>
    <subfield code="r">2026-04-07 15:55:28</subfield>
    <subfield code="w">2026-04-07</subfield>
    <subfield code="y">L</subfield>
    <subfield code="z">ESCRITO Y RAYADO C/ L&#xC1;PIZ - MANCHADO - H&#xDA;MEDO - 1RAS Y &#xDA;LTIMAS HOJAS DA&#xD1;ADAS - LAPICERA</subfield>
  </datafield>
  <datafield tag="952" ind1=" " ind2=" ">
    <subfield code="0">0</subfield>
    <subfield code="1">0</subfield>
    <subfield code="4">0</subfield>
    <subfield code="7">0</subfield>
    <subfield code="a">BCEJYS</subfield>
    <subfield code="b">BCEJYS</subfield>
    <subfield code="c">16</subfield>
    <subfield code="d">2026-04-07</subfield>
    <subfield code="l">0</subfield>
    <subfield code="o">517.1 L533c 6ed.</subfield>
    <subfield code="p">L65382</subfield>
    <subfield code="r">2026-04-07 15:55:28</subfield>
    <subfield code="w">2026-04-07</subfield>
    <subfield code="y">L</subfield>
    <subfield code="z">ESCRITO C/ L&#xC1;PIZ- 1RAS Y &#xDA;LTIMAS HOJAS DA&#xD1;ADAS - HOJAS MANCHADAS - TAPAS C/ CINTA </subfield>
  </datafield>
  <datafield tag="952" ind1=" " ind2=" ">
    <subfield code="0">0</subfield>
    <subfield code="1">0</subfield>
    <subfield code="4">0</subfield>
    <subfield code="7">0</subfield>
    <subfield code="a">BCEJYS</subfield>
    <subfield code="b">BCEJYS</subfield>
    <subfield code="c">16</subfield>
    <subfield code="d">2026-04-07</subfield>
    <subfield code="l">0</subfield>
    <subfield code="o">517.1 L533c 6ed.</subfield>
    <subfield code="p">L65369</subfield>
    <subfield code="r">2026-04-07 15:55:28</subfield>
    <subfield code="w">2026-04-07</subfield>
    <subfield code="y">L</subfield>
    <subfield code="z">ESCRITO C/ L&#xC1;PIZ LEVE - TAPA C/ CINTA - H&#xDA;MEDO - MANCHADO </subfield>
  </datafield>
  <datafield tag="952" ind1=" " ind2=" ">
    <subfield code="0">0</subfield>
    <subfield code="1">0</subfield>
    <subfield code="4">0</subfield>
    <subfield code="7">0</subfield>
    <subfield code="a">BCEJYS</subfield>
    <subfield code="b">BCEJYS</subfield>
    <subfield code="c">16</subfield>
    <subfield code="d">2026-04-07</subfield>
    <subfield code="l">0</subfield>
    <subfield code="o">517.1 L533c 6ed.</subfield>
    <subfield code="p">L65365</subfield>
    <subfield code="r">2026-04-07 15:55:28</subfield>
    <subfield code="w">2026-04-07</subfield>
    <subfield code="y">L</subfield>
    <subfield code="z">1RA Y &#xDA;LTIMA HOJA DA&#xD1;ADA - L&#xC1;PIZ - HOJAS MANCHADAS - LAPICERA LEVE</subfield>
  </datafield>
  <datafield tag="952" ind1=" " ind2=" ">
    <subfield code="0">0</subfield>
    <subfield code="1">0</subfield>
    <subfield code="4">0</subfield>
    <subfield code="7">0</subfield>
    <subfield code="a">BCEJYS</subfield>
    <subfield code="b">BCEJYS</subfield>
    <subfield code="c">16</subfield>
    <subfield code="d">2026-04-07</subfield>
    <subfield code="l">0</subfield>
    <subfield code="o">517.1 L533c 6ed.</subfield>
    <subfield code="p">L65374</subfield>
    <subfield code="r">2026-04-07 15:55:28</subfield>
    <subfield code="w">2026-04-07</subfield>
    <subfield code="y">L</subfield>
    <subfield code="z">1RAS Y &#xDA;LTIMAS HOJAS DA&#xD1;ADAS - HOJAS MANCHADAS - L&#xC1;PIZ LEVE </subfield>
  </datafield>
  <datafield tag="952" ind1=" " ind2=" ">
    <subfield code="0">0</subfield>
    <subfield code="1">0</subfield>
    <subfield code="4">0</subfield>
    <subfield code="7">0</subfield>
    <subfield code="a">BCEJYS</subfield>
    <subfield code="b">BCEJYS</subfield>
    <subfield code="c">16</subfield>
    <subfield code="d">2026-04-07</subfield>
    <subfield code="l">0</subfield>
    <subfield code="o">517.1 L533c 6ed.</subfield>
    <subfield code="p">L65378</subfield>
    <subfield code="r">2026-04-07 15:55:28</subfield>
    <subfield code="w">2026-04-07</subfield>
    <subfield code="y">L</subfield>
    <subfield code="z">ESCRITO C/ L&#xC1;PIZ- 1RAS Y &#xDA;LTIMAS HOJAS DA&#xD1;ADAS - HOJAS C/ CINTA - TAPA C/ CINTA- H&#xDA;MEDO - </subfield>
  </datafield>
  <datafield tag="952" ind1=" " ind2=" ">
    <subfield code="0">0</subfield>
    <subfield code="1">0</subfield>
    <subfield code="4">0</subfield>
    <subfield code="7">0</subfield>
    <subfield code="a">BCEJYS</subfield>
    <subfield code="b">BCEJYS</subfield>
    <subfield code="c">16</subfield>
    <subfield code="d">2026-04-07</subfield>
    <subfield code="l">0</subfield>
    <subfield code="o">517.1 L533c 6ed.</subfield>
    <subfield code="p">L65376</subfield>
    <subfield code="r">2026-04-07 15:55:28</subfield>
    <subfield code="w">2026-04-07</subfield>
    <subfield code="y">L</subfield>
    <subfield code="z">ESCRITO C/ L&#xC1;PIZ- 1RAS Y &#xDA;LTIMAS HOJAS DA&#xD1;ADAS - HOJAS C/ CINTA - HOJAS MANCHADAS - TAPA C/ CINTA - RAYADO LEVE C/ LAPICERA</subfield>
  </datafield>
  <datafield tag="952" ind1=" " ind2=" ">
    <subfield code="0">0</subfield>
    <subfield code="1">0</subfield>
    <subfield code="4">0</subfield>
    <subfield code="7">0</subfield>
    <subfield code="a">BCEJYS</subfield>
    <subfield code="b">BCEJYS</subfield>
    <subfield code="c">16</subfield>
    <subfield code="d">2026-04-07</subfield>
    <subfield code="l">0</subfield>
    <subfield code="o">517.1 L533c 6ed.</subfield>
    <subfield code="p">L125788</subfield>
    <subfield code="r">2026-04-07 15:55:28</subfield>
    <subfield code="w">2026-04-07</subfield>
    <subfield code="y">L</subfield>
  </datafield>
</record>
